000 00479nam a2200181Ia 4500
001 17103
005 20260306170400.0
008 260306t2013||||xx |||||||||||||| ||und||
041 _aESP
082 _a657.458
_bF81
100 _aFranklin, Enrique Benjamin
_eAUT
245 0 _aAuditoria administrativa:
_bEvaluación y diagnóstico empresarial
260 _c2013
300 _axxviii, 435 páginas :
_c25 cm.
650 _aGEN
654 _aCCO
942 _cLIB
_dJUS
_fJUS
_2ddc
_n
999 _c17103
_d17103